000
00206nam a2200097Ia 4500
008
190216s9999||||xx |||||||||||||| ||und||
100
_a
Kotpal R L
245
0
_a
Zoology Phylam
260
_b
Null
942
_c
BK
999
_c
37413
_d
37413